[Event "TCh-TUR Super League 2014"]
[Site "Kocaeli TUR"]
[Date "2014.08.19"]
[Round "2.5"]
[Board "10"]
[White "Ozaltun, Ecem"]
[Black "Keskin, Suara"]
[Result "0-1"]
[WhiteElo "1531"]
[BlackElo "1674"]
[WhiteTeam "Aliaga Genclik VE Spor Kulubu Dernegi"]
[BlackTeam "Hatay Buyuksehir Belediye Genclik VE Spor Kulubu"]
[WhiteFideId "6345050"]
[BlackFideId "6332650"]
[EventDate "2014.08.18"]

1. d4 d6 2. c4 g6 3. Nc3 Bg7 4. e4 e5 5. d5 f5 6. exf5 gxf5 7. Be2 Ne7 8. Bg5
O-O 9. Nf3 Nd7 10. Qd2 a6 11. h3 Nf6 12. Bh6 Rf7 13. Qg5 Ng6 14. g3 Qf8 15. Bxg7
Rxg7 16. Qd2 Re7 17. h4 h6 18. h5 Nh8 19. Nh4 Rh7 20. Qd3 e4 21. Qd4 Qg7 22. Nd1
Qg5 23. Ng2 Nf7 24. Nf4 Ne5 25. Ne3 Re7 26. Kf1 Kh7 27. Rc1 Bd7 28. b3 Rae8 29.
a4 Nfg4 30. Nxg4 Nxg4 31. Rd1 e3 32. Nh3 Qg8 33. f3 Nf2 34. Nxf2 exf2 35. Rd2
Qxg3 36. Qxf2 Qe5 37. Bd1 Qc3 38. Kg2 Rg7+ 39. Kf1 Rge7 40. Kg2 Qg7+ 41. Qg3 Qf6
42. Qf2 Qg5+ 43. Kf1 Re3 44. Re2 Rxe2 45. Bxe2 Qc1+ 46. Kg2 Rg8+ 47. Kh2 Qf4+
48. Kh3 Rg5 49. Qh4 Qe5 50. Qe1 f4+ 51. Kh2 Rxh5+ 52. Kg1 Qg5+ 0-1

[Event "TCh-TUR Super League 2014"]
[Site "Kocaeli TUR"]
[Date "2014.08.19"]
[Round "2.6"]
[Board "2"]
[White "Filippov, Anton UZB"]
[Black "Benidze, Davit"]
[Result "0-1"]
[WhiteTitle "GM"]
[BlackTitle "GM"]
[WhiteElo "2615"]
[BlackElo "2458"]
[WhiteTeam "Akdeniz Belediyesi Spor Kulubu"]
[BlackTeam "Kahramanmaras Buyuksehir Belediyesi Spor Kulubu"]
[WhiteFideId "14200988"]
[BlackFideId "13603086"]
[EventDate "2014.08.18"]

1. e4 g6 2. d4 Bg7 3. Nc3 d6 4. Bg5 Nd7 5. Qd2 c6 6. f4 b5 7. Nf3 Ngf6 8. Bd3
O-O 9. e5 Ne8 10. h4 h5 11. g4 dxe5 12. fxe5 hxg4 13. h5 gxf3 14. hxg6 fxg6 15.
O-O-O Nb6 16. Qh2 Rf5 17. Qh7+ Kf7 18. Bh6 f2 19. Bxg7 Nxg7 20. Rh6 Qxd4 21.
Qxg6+ Kg8 22. Rh7 Qxe5 23. Rdh1 f1=Q+ 24. Rxf1 Rxf1+ 25. Bxf1 Qf4+ 0-1

[Event "TCh-TUR Super League 2014"]
[Site "Kocaeli TUR"]
[Date "2014.08.19"]
[Round "2.6"]
[Board "3"]
[White "Isik, Engin Yasar"]
[Black "Annaberdiev, Meilis"]
[Result "0-1"]
[BlackTitle "IM"]
[WhiteElo "2232"]
[BlackElo "2439"]
[WhiteTeam "Kahramanmaras Buyuksehir Belediyesi Spor Kulubu"]
[BlackTeam "Akdeniz Belediyesi Spor Kulubu"]
[WhiteFideId "6301886"]
[BlackFideId "14000563"]
[EventDate "2014.08.18"]

1. e4 c5 2. Nf3 d6 3. d4 cxd4 4. Nxd4 Nf6 5. Nc3 a6 6. Bc4 g6 7. f3 Bg7 8. Be3
O-O 9. Qd2 b5 10. Bb3 Bb7 11. h4 h5 12. Bh6 Nc6 13. Nxc6 Bxc6 14. g4 a5 15. gxh5
Nxh5 16. Rg1 e6 17. Bg5 Qc7 18. a4 b4 19. Ne2 d5 20. exd5 Bxd5 21. Bxd5 exd5 22.
O-O-O Rac8 23. Nf4 Nxf4 24. Bxf4 Qc6 25. Bg5 b3 26. c3 Qxa4 27. Qxd5 Bxc3 28.
bxc3 Qa2 0-1

[Event "TCh-TUR Super League 2014"]
[Site "Kocaeli TUR"]
[Date "2014.08.19"]
[Round "2.6"]
[Board "4"]
[White "Annaberdiyev, Babageldi"]
[Black "Erden, Kadir"]
[Result "0-1"]
[WhiteTitle "FM"]
[WhiteElo "2238"]
[BlackElo "2220"]
[WhiteTeam "Akdeniz Belediyesi Spor Kulubu"]
[BlackTeam "Kahramanmaras Buyuksehir Belediyesi Spor Kulubu"]
[WhiteFideId "14000385"]
[BlackFideId "6305776"]
[EventDate "2014.08.18"]

1. Nf3 Nf6 2. g3 d5 3. Bg2 c6 4. O-O Bf5 5. d3 h6 6. Nbd2 Nbd7 7. Qe1 e6 8. e4
dxe4 9. dxe4 Bh7 10. Qe2 Be7 11. a3 a5 12. e5 Nd5 13. Ne4 Nc5 14. Nxc5 Bxc5 15.
Nd2 b5 16. Ne4 Be7 17. Qg4 Bg6 18. h4 h5 19. Qe2 Qc7 20. f4 Bf5 21. Bf3 g6 22.
b3 Kf8 23. c4 bxc4 24. bxc4 Nb6 25. Bb2 Na4 26. Bd4 Bxe4 27. Qxe4 Rd8 28. Bf2
Rc8 29. Qc2 Nc5 30. Rfd1 Kg7 31. Rd6 Bxd6 32. exd6 Qxd6 33. Rd1 Qe7 34. Qb2+ e5
35. fxe5 Ne6 36. Rd6 Rb8 37. Qd2 Rb1+ 38. Kg2 Rhb8 39. Qxa5 R1b2 40. Rd2 Rxd2
41. Qxd2 Qxa3 42. Bxc6 Rb2 43. Qe1 Nc5 44. Be4 Qa2 45. e6 Nxe4 46. Qxe4 Rxf2+
47. Kg1 Re2 48. Qd4+ Kh7 0-1

[Event "TCh-TUR Super League 2014"]
[Site "Kocaeli TUR"]
[Date "2014.08.19"]
[Round "2.6"]
[Board "5"]
[White "Yaran, Siar"]
[Black "Dogan, Nazmi Can"]
[Result "1/2-1/2"]
[WhiteTitle "CM"]
[WhiteElo "2041"]
[BlackElo "2135"]
[WhiteTeam "Kahramanmaras Buyuksehir Belediyesi Spor Kulubu"]
[BlackTeam "Akdeniz Belediyesi Spor Kulubu"]
[WhiteFideId "6323006"]
[BlackFideId "6309658"]
[EventDate "2014.08.18"]

1. e4 c5 2. Nf3 d6 3. c3 Nf6 4. Be2 g6 5. O-O Bg7 6. Re1 O-O 7. Bf1 Nc6 8. h3 e5
9. d3 Rb8 10. a4 a6 11. Na3 Re8 12. Nc4 b5 13. axb5 axb5 14. Ne3 Bd7 15. Bd2 Ra8
16. Qc2 Qb6 17. g4 Ne7 18. Reb1 Bc6 19. g5 Nh5 20. Ng4 Qb7 21. b3 Ra7 22. Rxa7
Qxa7 23. b4 c4 24. dxc4 Qa8 25. Re1 bxc4 26. Bxc4 d5 27. exd5 Nxd5 28. Nfxe5 Bb7
29. Qa2 Qd8 30. Qa5 Qd6 31. Qc5 Qd8 32. Nc6 Rxe1+ 33. Bxe1 Qe8 34. Bxd5 Qxe1+
35. Kh2 Bf8 36. Bxf7+ Kxf7 37. Qd5+ Kg7 38. Qd7+ Kg8 39. Qd5+ Kg7 40. Qd4+ Kg8
41. Qd5+ Kg7 42. Qd4+ Kg8 1/2-1/2

[Event "TCh-TUR Super League 2014"]
[Site "Kocaeli TUR"]
[Date "2014.08.19"]
[Round "2.6"]
[Board "6"]
[White "Yildiz, Betul Cemre"]
[Black "Isgandarova, Khayala"]
[Result "1/2-1/2"]
[WhiteTitle "WGM"]
[BlackTitle "WIM"]
[WhiteElo "2296"]
[BlackElo "2190"]
[WhiteTeam "Akdeniz Belediyesi Spor Kulubu"]
[BlackTeam "Kahramanmaras Buyuksehir Belediyesi Spor Kulubu"]
[WhiteFideId "6302920"]
[BlackFideId "13401823"]
[EventDate "2014.08.18"]

1. d4 Nf6 2. Nf3 g6 3. c4 Bg7 4. g3 d6 5. Bg2 O-O 6. O-O Nc6 7. Nc3 a6 8. h3 Rb8
9. Be3 b5 10. Nd2 Bd7 11. Rc1 Na5 12. cxb5 axb5 13. b4 Nc4 14. Nxc4 bxc4 15. b5
d5 16. Nxd5 Nxd5 17. Bxd5 Bxh3 18. Bxc4 Bxf1 19. Kxf1 Qd7 20. d5 Qh3+ 21. Kg1
Be5 22. Qd3 Bd6 23. Bd4 f5 24. e4 fxe4 25. Qxe4 Rf7 26. Bf1 Qf5 27. Qxf5 Rxf5
28. Bc4 Ra8 29. Kg2 Kf8 30. Be3 Ra3 31. Rd1 Ra4 32. Rc1 Ra3 33. Rc2 Ke8 34. Bd4
Be5 35. b6 cxb6 36. Bb5+ Kf8 37. Bxb6 Bd6 38. Bc4 Rff3 39. Bd4 Rf5 40. Be3 Kg7
41. Re2 Kf7 42. Bb3 Rxb3 43. axb3 Rxd5 44. Rd2 Rb5 45. Rd3 g5 46. g4 Kg6 47. Bd2
h5 48. gxh5+ 1/2-1/2

[Event "TCh-TUR Super League 2014"]
[Site "Kocaeli TUR"]
[Date "2014.08.19"]
[Round "2.6"]
[Board "7"]
[White "Javakhadze, Zurab"]
[Black "Koksal, Ege"]
[Result "0-1"]
[WhiteTitle "IM"]
[BlackTitle "CM"]
[WhiteElo "2423"]
[BlackElo "2219"]
[WhiteTeam "Kahramanmaras Buyuksehir Belediyesi Spor Kulubu"]
[BlackTeam "Akdeniz Belediyesi Spor Kulubu"]
[WhiteFideId "13603647"]
[BlackFideId "6317626"]
[EventDate "2014.08.18"]

1. c4 c6 2. Nf3 d5 3. d4 Nf6 4. Nbd2 Bf5 5. Nh4 Bg4 6. h3 Bh5 7. g4 Bg6 8. Bg2
e6 9. Nxg6 hxg6 10. e4 Bb4 11. Qb3 Qb6 12. e5 dxc4 13. Qxc4 Nd5 14. O-O Nf4 15.
Nf3 Nxh3+ 16. Bxh3 Rxh3 17. Kg2 Rh8 18. Bg5 Na6 19. Rh1 Kd7 20. d5 cxd5 21. Qf4
Rhf8 22. Rh7 Nc5 23. Rd1 Ke8 24. Rxg7 Ne4 25. Bh4 Be7 26. Bg3 Rc8 27. Nd4 Rc4
28. Nb3 Nc3 29. Qf3 Nxd1 30. Qxd1 Qb4 31. f3 Rh8 32. Be1 Qa4 33. Qd3 Kf8 34.
Rxg6 fxg6 35. Qxg6 Qxa2 0-1

[Event "TCh-TUR Super League 2014"]
[Site "Kocaeli TUR"]
[Date "2014.08.19"]
[Round "2.6"]
[Board "8"]
[White "Aslan, Cagla Yaren"]
[Black "Cemhan, Kardelen"]
[Result "0-1"]
[BlackTitle "WCM"]
[WhiteElo "1760"]
[BlackElo "2019"]
[WhiteTeam "Akdeniz Belediyesi Spor Kulubu"]
[BlackTeam "Kahramanmaras Buyuksehir Belediyesi Spor Kulubu"]
[WhiteFideId "6324878"]
[BlackFideId "6325670"]
[EventDate "2014.08.18"]

1. e4 e5 2. Nf3 Nc6 3. Bc4 Nf6 4. d4 exd4 5. O-O Nxe4 6. Re1 d5 7. Bxd5 Qxd5 8.
Nc3 Qh5 9. Nxe4 Be6 10. Neg5 O-O-O 11. Nxe6 fxe6 12. Rxe6 Bd6 13. Qd3 Rhf8 14.
h3 Rde8 15. Rxe8+ Qxe8 16. Bd2 Ne5 17. Nxe5 Qxe5 18. g3 Qf6 19. Qe2 Kb8 20. Re1
a6 21. f4 Qf5 22. Qd3 Qxh3 23. Re2 h5 24. Qxd4 Qxg3+ 25. Rg2 Qf3 26. Be3 b6 27.
Qd2 Bxf4 28. Bxf4 Rxf4 29. Qe2 Qxe2 30. Rxe2 Rg4+ 31. Kh2 Kc8 32. Rd2 g5 33. Kh3
c5 34. c3 Kc7 35. b3 Re4 36. Rd3 Re2 37. a3 g4+ 38. Kg3 Kc6 39. c4 b5 40. cxb5+
axb5 41. Rc3 Kd5 42. Kf4 Kd4 43. Rc1 Rf2+ 44. Kg5 g3 45. Rg1 g2 46. a4 bxa4 47.
bxa4 Kc4 48. Kxh5 Kb4 49. Kg4 Kxa4 50. Kg3 Rd2 51. Ra1+ Kb3 52. Kh2 c4 53. Ra8
c3 54. Rb8+ Kc2 55. Rc8 Kb2 56. Rb8+ Kc1 0-1

[Event "TCh-TUR Super League 2014"]
[Site "Kocaeli TUR"]
[Date "2014.08.19"]
[Round "2.6"]
[Board "9"]
[White "Percin, Onder"]
[Black "Ozer, Omer Faruk"]
[Result "0-1"]
[WhiteElo "1801"]
[BlackElo "2045"]
[WhiteTeam "Kahramanmaras Buyuksehir Belediyesi Spor Kulubu"]
[BlackTeam "Akdeniz Belediyesi Spor Kulubu"]
[WhiteFideId "6345190"]
[BlackFideId "6354564"]
[EventDate "2014.08.18"]

1. e4 c5 2. Nc3 Nc6 3. g3 g6 4. Bg2 Bg7 5. d3 e5 6. f4 d6 7. Nh3 Nge7 8. O-O O-O
9. f5 f6 10. g4 Nd4 11. Be3 Bd7 12. Qd2 Bc6 13. Ne2 Nxe2+ 14. Qxe2 Qd7 15. Qd2
Kh8 16. Rf2 b6 17. c4 Rf7 18. Raf1 Raf8 19. Kh1 Ng8 20. Ng1 b5 21. Ne2 bxc4 22.
dxc4 g5 23. Bf3 Rd8 24. h4 h6 25. Rh2 gxh4 26. Rxh4 Bf8 27. Kg2 Rh7 28. Rfh1 Rb8
29. Ng3 a5 30. R1h2 Rb4 31. Qc1 Qf7 32. b3 a4 33. Bd2 Rb8 34. Bd1 Qb7 35. Bc2
axb3 36. axb3 Ra8 37. Kf3 Ra6 38. Bxh6 Bxh6 39. Rxh6 Nxh6 40. Rxh6 Qe7 41. Nh5
Qf8 42. Rxf6 Qd8 43. Qd2 Rxh5 44. Rh6+ Rxh6 45. Qxh6+ Kg8 46. Qg6+ Kf8 47. f6
Ra7 48. g5 Be8 49. Qh6+ Kg8 50. Qh3 Qd7 51. Qh2 Qh7 0-1

[Event "TCh-TUR Super League 2014"]
[Site "Kocaeli TUR"]
[Date "2014.08.19"]
[Round "2.6"]
[Board "10"]
[White "Temel, Burcu Melis"]
[Black "Dogan, Sevval"]
[Result "1-0"]
[WhiteElo "1753"]
[BlackElo "1651"]
[WhiteTeam "Akdeniz Belediyesi Spor Kulubu"]
[BlackTeam "Kahramanmaras Buyuksehir Belediyesi Spor Kulubu"]
[WhiteFideId "6345492"]
[BlackFideId "6322565"]
[EventDate "2014.08.18"]

1. e4 c5 2. Nf3 g6 3. d4 cxd4 4. Nxd4 Bg7 5. c4 Nc6 6. Be3 d6 7. Nc3 Nf6 8. Be2
Bd7 9. Qd2 Ng4 10. Bxg4 Bxg4 11. O-O O-O 12. h3 Bd7 13. Kh1 Qa5 14. f4 Rac8 15.
b3 Rfd8 16. Rac1 Nxd4 17. Bxd4 Bxd4 18. Qxd4 Qc5 19. Rcd1 Bc6 20. Rd2 a6 21.
Rfd1 Qxd4 22. Rxd4 Rf8 23. Kh2 b6 24. Re1 Rfd8 25. Red1 Rf8 26. Ne2 b5 27. Nc3
b4 28. Ne2 Ba8 29. Ng1 Rc5 30. Nf3 Kg7 31. Ne1 a5 32. Nd3 Rc7 33. e5 dxe5 34.
Nxe5 Rfc8 35. Rd7 Be4 36. R7d4 Ba8 37. Ng4 h5 38. Ne3 e6 39. Rd6 Bb7 40. Nc2 Rc5
41. Nd4 e5 42. fxe5 Rxe5 43. Rd7 Bc6 44. Ra7 Be8 45. Rd2 Rcc5 46. Rf2 Kh6 47.
Ra8 Re7 48. Ra6 Ree5 49. Ra8 Kg7 50. Ra7 Kh6 51. Ra8 Kg7 52. Ra7 Kh6 53. Rf6 Kg7
54. Rd6 Kh6 55. Rd8 Re4 56. Raa8 Bc6 57. Rac8 1-0

[Event "TCh-TUR Super League 2014"]
[Site "Kocaeli TUR"]
[Date "2014.08.20"]
[Round "3.1"]
[Board "2"]
[White "Benidze, Davit"]
[Black "Yasar, Ugur"]
[Result "1-0"]
[WhiteTitle "GM"]
[WhiteElo "2458"]
[BlackElo "1777"]
[WhiteTeam "Kahramanmaras Buyuksehir Belediyesi Spor Kulubu"]
[BlackTeam "Aliaga Genclik VE Spor Kulubu Dernegi"]
[WhiteFideId "13603086"]
[BlackFideId "6324754"]
[EventDate "2014.08.18"]

1. Nf3 f5 2. d3 Nf6 3. e4 fxe4 4. Ng5 e5 5. dxe4 h6 6. Nf3 Nc6 7. Nh4 Ne7 8. Be2
g6 9. f4 Nxe4 10. fxe5 c6 11. Qd3 Qa5+ 12. Nd2 Ng5 13. O-O Qxe5 14. Nc4 Qd5 15.
Nd6+ Kd8 16. Bxg5 Qxd3 17. Bxd3 hxg5 18. Nf7+ Ke8 19. Nxh8 gxh4 20. Nxg6 1-0

[Event "TCh-TUR Super League 2014"]
[Site "Kocaeli TUR"]
[Date "2014.08.20"]
[Round "3.1"]
[Board "3"]
[White "Ozkan, Ufuk"]
[Black "Isik, Engin Yasar"]
[Result "0-1"]
[WhiteElo "1717"]
[BlackElo "2232"]
[WhiteTeam "Aliaga Genclik VE Spor Kulubu Dernegi"]
[BlackTeam "Kahramanmaras Buyuksehir Belediyesi Spor Kulubu"]
[WhiteFideId "6349218"]
[BlackFideId "6301886"]
[EventDate "2014.08.18"]

1. d4 Nf6 2. Nf3 g6 3. Nc3 d5 4. Bf4 Bg7 5. e3 O-O 6. Be2 b6 7. Ne5 Bb7 8. h4
Nbd7 9. h5 Ne4 10. Nxe4 dxe4 11. hxg6 hxg6 12. Ng4 Re8 13. Nh6+ Kf8 14. Bc4 e6
15. d5 e5 16. Nxf7 Kxf7 17. d6+ Kf8 18. Qg4 Qf6 19. Qxd7 exf4 20. Qxc7 Rac8 21.
Qxb7 Rxc4 22. d7 Rd8 23. c3 Rxc3 24. Qxe4 Rc6 25. O-O Rxd7 26. exf4 Rd4 27. Qe3
Rxf4 28. Rfe1 Qf7 29. Rad1 Rc8 30. Qd3 Kg8 31. Qa6 Rf8 32. f3 Bd4+ 0-1

[Event "TCh-TUR Super League 2014"]
[Site "Kocaeli TUR"]
[Date "2014.08.20"]
[Round "3.1"]
[Board "4"]
[White "Erden, Kadir"]
[Black "Demiral, Abdulkadir"]
[Result "1/2-1/2"]
[WhiteElo "2220"]
[BlackElo "1699"]
[WhiteTeam "Kahramanmaras Buyuksehir Belediyesi Spor Kulubu"]
[BlackTeam "Aliaga Genclik VE Spor Kulubu Dernegi"]
[WhiteFideId "6305776"]
[BlackFideId "6349021"]
[EventDate "2014.08.18"]

1. c4 c6 2. d4 d5 3. Nd2 Nf6 4. Ngf3 g6 5. e3 Bg7 6. Be2 O-O 7. O-O Bg4 8. h3
Bxf3 9. Nxf3 e6 10. Qc2 Nbd7 11. b4 Rc8 12. a4 a6 13. Bb2 Ne4 14. Rfd1 Qc7 15.
Rac1 Rfe8 16. Qb3 Qd6 17. Ba3 Bf8 18. Ra1 Qb8 19. Bb2 Qd6 20. Ba3 Qb8 21. Rdc1
b5 22. c5 e5 23. Bb2 Bg7 24. Qd1 exd4 25. Bxd4 Bxd4 26. Qxd4 Ne5 27. axb5 axb5
28. Ra6 Nxf3+ 29. Bxf3 Qe5 30. Qxe5 Rxe5 31. Rca1 Rc7 32. Ra7 Rce7 33. R1a6 Rxa7
34. Rxa7 Nc3 35. Kf1 Kf8 36. Ra6 Re6 37. Ke1 h5 38. h4 Na4 39. Kd2 Nb2 40. Kc3
Nc4 41. Ra2 Ne5 42. Be2 Ng4 43. Bf3 Ne5 44. Bd1 Ng4 45. Kd3 Ne5+ 46. Kd4 Nc4 47.
Bc2 Ne5 48. e4 dxe4 49. Bxe4 f5 50. f4 Nf7 51. Bf3 Nd8 52. Ra7 Ke8 53. Rc7 Kf8
54. g3 Ke8 55. Ra7 Kf8 56. Kd3 Ke8 57. Ra8 Ke7 58. Ra2 Kd7 59. Ra7+ Ke8 60. Ra6
Kd7 61. Kd2 Ke8 62. Ra7 Kf8 63. Bg2 Ke8 64. Bf3 Kf8 65. Kd3 Ke8 66. Kd4 Kf8 67.
Kd3 Ke8 68. Rc7 Kf8 69. Rd7 Ke8 70. Rd4 Ke7 71. Kd2 Ke8 72. Bd1 Re7 73. Bb3 Rd7
74. Ke3 Re7+ 75. Kd2 Rd7 76. Kc3 Re7 77. Rd3 Rd7 78. Rf3 Re7 79. Bc2 Rd7 80. Bd3
Re7 81. Kd2 Kd7 82. Rf1 Ne6 83. Re1 Nc7 84. Rxe7+ Kxe7 85. Kc3 Nd5+ 86. Kb3 Ke6
87. Be2 Ne7 88. Bf3 Nd5 89. Bg2 Ne7 90. Bf3 Nd5 91. Bg2 Ne7 92. Bf3 Nd5 93. Bg2 1/2-1/2

[Event "TCh-TUR Super League 2014"]
[Site "Kocaeli TUR"]
[Date "2014.08.20"]
[Round "3.1"]
[Board "7"]
[White "Cingoz, Ozan"]
[Black "Javakhadze, Zurab"]
[Result "0-1"]
[BlackTitle "IM"]
[WhiteElo "1930"]
[BlackElo "2423"]
[WhiteTeam "Aliaga Genclik VE Spor Kulubu Dernegi"]
[BlackTeam "Kahramanmaras Buyuksehir Belediyesi Spor Kulubu"]
[WhiteFideId "6333397"]
[BlackFideId "13603647"]
[EventDate "2014.08.18"]

1. e4 g6 2. d4 Bg7 3. Nf3 c6 4. Be2 d5 5. exd5 cxd5 6. O-O Nc6 7. c3 Nh6 8. h3
Qd6 9. Bg5 Nf5 10. Qd2 f6 11. Bf4 e5 12. Bh2 Qd8 13. dxe5 fxe5 14. Bb5 e4 15.
Ne5 Ne7 16. Qf4 Be6 17. c4 Rf8 18. Qe3 Rf5 19. f4 Bxe5 20. fxe5 Rxf1+ 21. Kxf1
dxc4 22. Qxe4 Bf5 23. Qxc4 Qd1+ 24. Kf2 Bxb1 25. Bf4 Qc2+ 0-1

[Event "TCh-TUR Super League 2014"]
[Site "Kocaeli TUR"]
[Date "2014.08.20"]
[Round "3.1"]
[Board "9"]
[White "Karaoglan, Kivanc"]
[Black "Yaran, Siar"]
[Result "1/2-1/2"]
[BlackTitle "CM"]
[WhiteElo "1903"]
[BlackElo "2041"]
[WhiteTeam "Aliaga Genclik VE Spor Kulubu Dernegi"]
[BlackTeam "Kahramanmaras Buyuksehir Belediyesi Spor Kulubu"]
[WhiteFideId "6329152"]
[BlackFideId "6323006"]
[EventDate "2014.08.18"]

1. e4 e5 2. Nc3 Nf6 3. Bc4 Bc5 4. d3 Nc6 5. f4 d6 6. Nf3 O-O 7. Na4 Re8 8. Nxc5
dxc5 9. O-O exf4 10. Bxf4 Na5 11. Bb3 Bg4 12. Qd2 Nxb3 13. axb3 Bxf3 14. Rxf3
Qd4+ 15. Kh1 Qxb2 16. Raf1 Rad8 17. Qf2 Re6 18. Bxc7 Rc8 19. Bf4 a5 20. Qd2 Ra8
21. Bc7 b6 22. Qf4 Rae8 23. e5 Rxe5 24. Bxe5 Qxe5 25. Qa4 Re6 26. Qc4 h6 27. c3
Qh5 28. b4 Ng4 29. h3 Ne3 30. Qxe6 fxe6 31. Rxe3 cxb4 32. cxb4 axb4 33. Rxe6 Qb5
34. Rb1 b3 35. Re2 Qxd3 36. Reb2 Qd4 37. Rxb3 Kh7 38. Rxb6 Qe4 39. Rc1 Qe3 40.
Rbc6 Qe4 41. Rd6 Qf4 42. Rcd1 Qb4 43. Rd7 Qa4 44. R1d4 Qc6 45. Re7 Qf6 46. Rde4
Qd6 47. Re3 Qd1+ 48. Re1 Qd6 49. Rb7 Qd5 50. Rbe7 Qd6 51. R7e5 Qd4 52. R1e3 Qd1+
53. Kh2 Qd6 54. h4 Qf6 55. R3e4 Qd6 56. g3 Qf6 57. Re2 Qf3 58. R5e3 Qf1 59. g4
Qf4+ 60. Kh3 Qf1+ 61. Kg3 Qg1+ 62. Kf4 Qf1+ 63. Ke4 1/2-1/2

[Event "TCh-TUR Super League 2014"]
[Site "Kocaeli TUR"]
[Date "2014.08.20"]
[Round "3.1"]
[Board "10"]
[White "Dogan, Sevval"]
[Black "Ozaltun, Ecem"]
[Result "0-1"]
[WhiteElo "1651"]
[BlackElo "1531"]
[WhiteTeam "Kahramanmaras Buyuksehir Belediyesi Spor Kulubu"]
[BlackTeam "Aliaga Genclik VE Spor Kulubu Dernegi"]
[WhiteFideId "6322565"]
[BlackFideId "6345050"]
[EventDate "2014.08.18"]

1. e4 c5 2. Nc3 d6 3. g3 Nc6 4. Bg2 Nf6 5. f4 e6 6. Nf3 Be7 7. d3 a6 8. a4 Qb6
9. Rb1 Bd7 10. h3 Nd4 11. g4 h6 12. Be3 Qb4 13. O-O Bxa4 14. Nxa4 Qxa4 15. b3
Qb4 16. Ra1 Nxf3+ 17. Qxf3 Nd7 18. Ra4 Qb6 19. Qg3 Qc7 20. c4 Rb8 21. h4 Bf6 22.
g5 hxg5 23. fxg5 Be5 24. Qg4 Nf8 25. h5 Rg8 26. g6 fxg6 27. hxg6 Rh8 28. Bh3 Qc8
29. Ra2 Rg8 30. Qh5 Qd8 31. Raf2 Kd7 32. Rf7+ Kc6 33. Bg5 Qa5 34. Be7 Qd2 35.
Bg2 Qe3+ 36. R7f2 Nd7 37. Qf3 Qh6 38. Qh3 Qxg6 39. Rb1 Bd4 40. e5+ Kb6 41. Bxd6
Rh8 42. Qf3 Bxf2+ 43. Qxf2 Qxd3 44. Re1 Rbd8 45. b4 Ka7 46. bxc5 Qf5 47. Qb2 Rb8
48. Bxb8+ Rxb8 49. Qd4 Qf7 50. c6+ Nb6 51. cxb7 Qd7 52. Qf2 Rxb7 53. Bxb7 Qxb7
54. Rb1 Qc6 55. Qf7+ Qd7 56. Qf2 Qc6 57. Qd4 g6 58. Kf2 g5 59. Kg3 g4 60. Rb3 a5
61. Kxg4 Qg2+ 62. Kh4 Qh1+ 63. Kg3 Qe1+ 64. Kf4 Qf1+ 65. Kg5 Qf5+ 66. Kh6 Qf8+
67. Kg6 Qf5+ 68. Kg7 Qg5+ 69. Kf7 Qf5+ 70. Ke7 Qh7+ 71. Kxe6 Qg6+ 72. Ke7 Qg7+
73. Kd6 Qd7+ 0-1

[Event "TCh-TUR Super League 2014"]
[Site "Kocaeli TUR"]
[Date "2014.08.20"]
[Round "3.2"]
[Board "1"]
[White "Alekseev, Evgeny"]
[Black "Yilmaz, Mustafa"]
[Result "1/2-1/2"]
[WhiteTitle "GM"]
[BlackTitle "GM"]
[WhiteElo "2675"]
[BlackElo "2569"]
[WhiteTeam "Antalya Calli Spor Kulubu"]
[BlackTeam "Hatay Buyuksehir Belediye Genclik VE Spor Kulubu"]
[WhiteFideId "4138147"]
[BlackFideId "6302718"]
[EventDate "2014.08.18"]

1. e4 c5 2. Nf3 d6 3. d4 cxd4 4. Nxd4 Nf6 5. Nc3 a6 6. h3 e6 7. g4 h6 8. Bg2 Be7
9. Be3 Nc6 10. f4 Nd7 11. O-O O-O 12. a4 Rb8 13. Qe2 Nxd4 14. Bxd4 b6 15. Rad1
Bb7 16. Be3 Rc8 17. Rd2 Qc7 18. Qf2 Nc5 19. h4 Bf6 20. Bd4 e5 21. fxe5 dxe5 22.
Be3 Qe7 23. h5 Bh4 24. Qf5 Bg5 1/2-1/2

[Event "TCh-TUR Super League 2014"]
[Site "Kocaeli TUR"]
[Date "2014.08.20"]
[Round "3.2"]
[Board "3"]
[White "Yurtseven, Melih"]
[Black "Kazhgaleyev, Murtas"]
[Result "1/2-1/2"]
[BlackTitle "GM"]
[WhiteElo "2271"]
[BlackElo "2563"]
[WhiteTeam "Antalya Calli Spor Kulubu"]
[BlackTeam "Hatay Buyuksehir Belediye Genclik VE Spor Kulubu"]
[WhiteFideId "6312160"]
[BlackFideId "13700316"]
[EventDate "2014.08.18"]

1. e4 e5 2. Nf3 Nc6 3. Bc4 Bc5 4. c3 Nf6 5. d3 O-O 6. O-O d6 7. Bb3 Ne7 8. d4
Bb6 9. dxe5 Nxe4 10. exd6 Nxd6 11. Bg5 h6 12. Bh4 Ndf5 13. Qxd8 Rxd8 14. Bxe7
Nxe7 15. Na3 c6 16. Rad1 Nd5 17. h3 Bf5 18. Rfe1 Kf8 19. Bc2 Bxc2 20. Nxc2 Nf4
21. Ncd4 Rd5 22. Re4 g5 23. Rde1 Rad8 24. g3 Nd3 25. R1e2 c5 26. Nb3 Bc7 27. c4
R5d7 28. Ne1 b6 29. Nxd3 Rxd3 30. Kg2 R3d7 31. Na1 Rd2 32. Nc2 f6 33. Kf1 Be5
34. b3 Rd1+ 35. Re1 Bc3 36. Re8+ Kf7 37. Rxd8 Rxd8 38. Re2 Rd1+ 39. Kg2 Bd2 40.
Kf3 h5 41. Ke4 Kg6 42. Kf3 Bc1 43. Re1 Rxe1 44. Nxe1 f5 45. Nd3 g4+ 46. Kg2 Bh6
47. f4 Bg7 48. Ne1 Kf7 49. Nc2 Ke6 50. h4 Bf6 51. Kf2 Bg7 52. Ke2 Bf6 53. Kd3
Bb2 54. Kd2 Bg7 55. Ke2 Bb2 56. Ne3 Bd4 57. Nd5 Kd6 58. Ke1 Kd7 59. Kf1 Kd6 60.
Ke2 Kd7 61. a3 Kd6 62. Ke1 Kd7 63. Kf1 Kd6 64. Ke2 Kd7 65. a4 Kd6 66. Ke1 Kd7
67. Kf1 Kd6 68. Ke2 Kd7 69. Ke1 Kd6 70. Kf1 Kd7 71. Ke2 Kd6 72. a5 bxa5 73. Ke1
Kd7 74. Kf1 Kd6 75. Ke2 Kd7 76. Ke1 Kd6 77. Kf1 Kd7 78. Ke2 Kd6 79. Ke1 Kd7 80.
Kf1 1/2-1/2

[Event "TCh-TUR Super League 2014"]
[Site "Kocaeli TUR"]
[Date "2014.08.20"]
[Round "3.2"]
[Board "4"]
[White "Ali Marandi, Cemil Can"]
[Black "Ertan, Can"]
[Result "1-0"]
[WhiteTitle "IM"]
[BlackTitle "FM"]
[WhiteElo "2397"]
[BlackElo "2246"]
[WhiteTeam "Hatay Buyuksehir Belediye Genclik VE Spor Kulubu"]
[BlackTeam "Antalya Calli Spor Kulubu"]
[WhiteFideId "6300529"]
[BlackFideId "6306330"]
[EventDate "2014.08.18"]

1. e4 e5 2. Nf3 Nc6 3. Bb5 a6 4. Ba4 Nf6 5. O-O Be7 6. Re1 b5 7. Bb3 O-O 8. a4
b4 9. d4 d6 10. dxe5 dxe5 11. Nbd2 Nd4 12. Nxd4 Qxd4 13. Nf3 Qxd1 14. Rxd1 Bd6
15. Bg5 Bg4 16. Bxf6 gxf6 17. Rd3 f5 18. Nd2 f4 19. f3 Bc8 20. Nc4 Bc5+ 21. Kh1
Re8 22. Rad1 Kf8 23. a5 f6 24. Ba4 Be6 25. Bxe8 Kxe8 26. Nd2 Rb8 27. g3 Be3 28.
b3 Ke7 29. Nc4 Bc5 30. gxf4 exf4 31. R3d2 Bh3 32. e5 Rg8 33. exf6+ Kxf6 34. Re2
h5 35. Nd2 Kf7 36. Ne4 Be3 37. c3 c5 38. Rde1 Rg6 39. cxb4 cxb4 40. Nd2 Rg5 41.
Nc4 Bd4 42. Ne5+ Kg8 43. Nd3 Be3 44. Nxb4 Rxa5 45. Nc2 Bb6 46. Re5 Rxe5 47. Rxe5
h4 48. Nb4 Bc7 49. Rh5 Be6 50. Nxa6 Bd8 51. Nc5 Bc8 52. b4 h3 53. b5 Bb6 54. Rh6
Bxc5 55. Rc6 Bb7 56. Rxc5 Bxf3+ 57. Kg1 1-0